Guess the Harry Potter Movies by Scene #28 - Statistics

General Stats
  • This quiz has been taken 105 times
  • The average score is 18 of 20
Answer Stats
Picture Answer % Correct
Philosopher's Stone
100%
Chamber of Secrets
95%
Chamber of Secrets
91%
Chamber of Secrets
91%
Goblet of Fire
91%
Goblet of Fire
91%
Half-Blood Prince
91%
Order of the Phoenix
91%
Philosopher's Stone
91%
Philosopher's Stone
91%
Philosopher's Stone
91%
Deathly Hallows – Part 2
86%
Half-Blood Prince
86%
Half-Blood Prince
86%
Deathly Hallows – Part 1
82%
Goblet of Fire
82%
Half-Blood Prince
82%
Order of the Phoenix
82%
Prisoner of Azkaban
82%
Order of the Phoenix
77%
No matching quizzes found
Score Distribution
Percent of People with Each Score
Percentile by Number Answered
Your Score History
You have not taken this quiz